Handbook of web based energy information and control systems / (Record no. 599560)

000 -LEADER
fixed length control field 00319nam a2200109Ia 4500
008 - FIXED-LENGTH DATA ELEMENTS--GENERAL INFORMATION
fixed length control field 230907s9999||||xx |||||||||||||| ||und||
082 ## - DEWEY DECIMAL CLASSIFICATION NUMBER
Classification number 658.26
Author Mark HAN
245 #0 - TITLE STATEMENT
Title Handbook of web based energy information and control systems /
260 ## - PUBLICATION, DISTRIBUTION, ETC.
Place of publication, distribution, etc. Fairmont Press,
Name of publisher, distributor, etc. Lilburn, GA :
Date of publication, distribution, etc. 2011
300 ## - PHYSICAL DESCRIPTION
Extent xvi, 565 p. :
942 ## - ADDED ENTRY ELEMENTS (KOHA)
Koha item type Book
Holdings
Withdrawn status Lost status Damaged status Not for loan Permanent Location Current Location Date acquired Total Checkouts Full call number Barcode Date last seen Price effective from Koha item type
        US-Pakistan Center for Advanced Studies in Energy (USPCAS-E) US-Pakistan Center for Advanced Studies in Energy (USPCAS-E) 10/07/2019   658.26 HAN CAS-E0003659 09/12/2023 09/12/2023 Book
© 2023 Central Library, National University of Sciences and Technology. All Rights Reserved.